[Papers] : Symposium on Sealants and Sealing of Aircraft, Missiles, and Electrical Components, October 28-29-30, 1959.

Bibliographic Details
Corporate Authors: Symposium on Sealants and Sealing of Aircraft, Missiles, and Electrical Components Los Angeles, Society of Aerospace Material and Process Engineers
Format: Conference Proceeding Book
Language:English
Published: Los Angeles : Society of Aircraft Materials and Process Engineers, 1959.
Subjects:

MARC

Tag First Indicator Second Indicator Subfields
LEADER 00000cam a2200000 i 4500
001 in00000094472
005 20150927110451.0
008 780609s1959 caua b 10010 eng d
035 |a (OCoLC)03961859 
035 |9 AAL6337AM 
040 |a LDL  |c LDL  |d TXA  |d UtOrBLW 
049 |a TXAM  |c [1128576] 
090 |a TP988  |b .S9 1959 
111 2 |a Symposium on Sealants and Sealing of Aircraft, Missiles, and Electrical Components  |d (1959 :  |c Los Angeles) 
245 1 0 |a [Papers] :  |b Symposium on Sealants and Sealing of Aircraft, Missiles, and Electrical Components, October 28-29-30, 1959. 
264 1 |a Los Angeles :  |b Society of Aircraft Materials and Process Engineers,  |c 1959. 
300 |a 1 volume 
336 |a text  |b txt  |2 rdacontent 
337 |a unmediated  |b n  |2 rdamedia 
338 |a volume  |b nc  |2 rdacarrier 
504 |a Includes bibliographies. 
650 0 |a Sealing compounds  |x Congresses. 
650 0 |a Sealing (Technology) 
710 2 |a Society of Aerospace Material and Process Engineers. 
999 |a MARS 
999 f f |s 0eab9ffa-5d9b-3926-b32e-de29822bda13  |i f778a3ca-9396-3301-9bcc-f8e16d2709c0  |t 0 
952 f f |p ric  |a Texas A&M University  |b Rellis Campus  |c Joint Library Facility  |d Remote Storage  |t 0  |e TP988 .S9 1959  |h Library of Congress classification  |i unmediated -- volume  |m A14805619403 
998 f f |a TP988 .S9 1959  |t 0  |l Remote Storage